Hands-On Machine Learning With Scikit-Learn, Keras And TensorFlow (Record no. 227838)

MARC details
000 -LEADER
fixed length control field 00578nam a2200181Ia 4500
008 - FIXED-LENGTH DATA ELEMENTS--GENERAL INFORMATION
fixed length control field 230714s9999 xx 000 0 und d
020 ## - INTERNATIONAL STANDARD BOOK NUMBER
International Standard Book Number 9790000000000
041 ## - LANGUAGE CODE
Language code of text/sound track or separate title eng
082 ## - DEWEY DECIMAL CLASSIFICATION NUMBER
Classification number 006.31
Item number GER
100 ## - MAIN ENTRY--PERSONAL NAME
Personal name Geron A.
245 ## - TITLE STATEMENT
Title Hands-On Machine Learning With Scikit-Learn, Keras And TensorFlow
Remainder of title Concepts, Tools, And Techniques To Build Intelligent Systems
250 ## - EDITION STATEMENT
Edition statement 2nd ed.
260 ## - PUBLICATION, DISTRIBUTION, ETC. (IMPRINT)
Date of publication, distribution, etc. 2019
Name of publisher, distributor, etc. SPD / O'reilly
300 ## - PHYSICAL DESCRIPTION
Extent 819
Accompanying material [OBSOLETE, CAN/MARC] Ref 1607 C (61931)
365 ## - TRADE PRICE
Currency code Rs.
Price amount 2475.00
700 ## - ADDED ENTRY--PERSONAL NAME
Personal name Geron A.
906 ## - LOCAL DATA ELEMENT F, LDF (RLIN)
d O:0738931-Jan-2022B:02824-Jan-2022
c BCOMP
b 1237.5

No items available.